| 000 | 00569nam a22001817a 4500 | ||
|---|---|---|---|
| 999 |
_c195198 _d195198 |
||
| 005 | 20230306164410.0 | ||
| 010 | _aENG-136342 | ||
| 020 |
_a9789381398487 _c299.00 |
||
| 035 | _aEN-119874 | ||
| 037 | _bDBAD/PUB | ||
| 082 | _aS | ||
| 100 | _aKarwa, Payal | ||
| 245 | 0 | 0 |
_aThe Bad Touch : _bthe tru story of harish Iyer and other thriver of child sex Abuse / _cby Payal Karwa |
| 260 |
_bHay House Publications _aNew Delhi _c2014 |
||
| 270 |
_aMuskaan Complex, Plot No-3, b-2 Vasant Kunj _bNew Delhi _e110070 |
||
| 300 |
_a208p. _c20cm(Hb) |
||
| 942 |
_2ddc _cEN _hS _mPAY |
||